Atlanta Falcons Starting Offense 24/25 - Statistics

General Stats
  • This quiz has been taken 68 times
  • The average score is 8 of 12
Answer Stats
Pos. Player % Correct
RB Bijan Robinson
100%
WR Drake London
100%
QB Michael Penix Jr.
100%
TE Kyle Pitts
96%
WR Darnell Mooney
92%
LT Jake Matthews
68%
RG Chris Lindstrom
66%
WR Ray-Ray McCloud III
62%
RT Kaleb McGary
49%
LG Matthew Bergeron
45%
C Drew Dalman
40%
FB Robert Burns
4%
No matching quizzes found
Score Distribution
Percent of People with Each Score
Percentile by Number Answered
Your Score History
You have not taken this quiz